01303 a2200169 4500020001500000020001800015082001300033100002200046245005900068250001400127260004000141300002100181500001500202520074700217856008200964856008701046 a0060927828 a978006092782004a616.85271 aPapolos, Demitri.10aOvercoming depression, 3rd edition /cDemitri Papolos. a3 Sub ed. a[S.l.] :bHarper Paperbacks,c1997. a432 p. ;c21 cm. aPaperback. aMore than 20 million Americans will suffer an episode of depression or mania during their lifetimes, and one in five American families will feel its impact directly. For these families, Overcoming Depression is the essential resource. Since its first publication in 1987, it has become the book most often recommended by doctors to their depressed patients because it clearly and sympathetically presents state-of-the-art medical information and the solid, practical advice that patients and their families need to participate actively in diagnosis and treatment. Now featuring all-new data on the latest drugs, research, treatment, and medical insurance, it also includes a frank discussion of psychiatric therapy in the era of managed care.403Amazon.comuhttp://www.amazon.com/exec/obidos/ASIN/0060927828/chopaconline-20403Amazon customer reviewsuhttp://www.chopac.org/cgi-bin/tools/azrev.pl?q=0060927828